LEADER 00894nam2-22003131i-450- 001 990000188290403321 035 $a000018829 035 $aFED01000018829 035 $a(Aleph)000018829FED01 035 $a000018829 100 $a20011111d--------km-y0itay50------ba 101 0 $aita 105 $ay-------001yy 200 1 $a3. : Termodinamica, ottica tecnica,acustica tecnica. 292 p. : ill. 210 $aNapoli$cPellerano-Del Gaudio$ds.d. 215 $av.$d24 cm 461 0$1001000000445$12001$aFisica tecnica 610 0 $aOttica 610 0 $aTermotecnica 676 $a621 700 1$aCarlevaro,$bEnzo$0384 801 0$aIT$bUNINA$gRICA$2UNIMARC 901 $aBK 912 $a990000188290403321 952 $a13 A 76 08$b28007$fFINBC 959 $aFINBC 996 $a3. : Termodinamica, ottica tecnica,acustica tecnica. 292 p. : ill$9122718 997 $aUNINA DB $aING01 LEADER 01231nam2-2200385---450- 001 990003158650203316 005 20101019124903.0 010 $a978-88-13-28244-8 035 $a000315865 035 $aUSA01000315865 035 $a(ALEPH)000315865USA01 035 $a000315865 100 $a20081010d2008----km-y0itay50------ba 101 $aita 102 $aIT 105 $a||||||||001yy 200 1 $a<<1.:>><> procedimento amministrativo$fAlessio Liberati 210 $aPadova$cCedam$d2008 215 $aXXXI, 769 p.$d24 cm$e1 cd-rom 461 0$1001000315866$12001$a<> diritto amministrativo$eManuali professionali 606 0 $aProcedimento amministrativo$2BNCF 676 $a342.45066 700 1$aLIBERATI,$bAlessio$0282296 801 0$aIT$bsalbc$gISBD 912 $a990003158650203316 951 $aXXIV.3.B 186 1 (IG V 1401/1)$b60988 G.$cIG V$d00167926 959 $aBK 969 $aGIU 979 $aCHIARA$b90$c20081010$lUSA01$h1226 979 $aCHIARA$b90$c20081010$lUSA01$h1230 979 $aCHIARA$b90$c20081010$lUSA01$h1405 979 $aRSIAV4$b90$c20090612$lUSA01$h1338 979 $aCHIARA$b90$c20101019$lUSA01$h1249 996 $aProcedimento amministrativo$9807885 997 $aUNISA